Georgia Interstates - Statistics

General Stats
  • This quiz has been taken 163 times
  • The average score is 11 of 15
Answer Stats
Major City Length (miles) Answer % Correct
Atlanta 355.11 I-75
99%
Atlanta 179.90 I-85
92%
Atlanta 202.61 I-20
90%
Macon 166.81 I-16
89%
Savannah 112.03 I-95
89%
Atlanta 63.98 I-285
87%
Macon 15.83 I-475
72%
Columbus 49.30 I-185
70%
Chattanooga 4.10 I-24
67%
Stockbridge 11.04 I-675
66%
Trenton 20.67 I-59
62%
Gainesville 24.04 I-985
62%
Canton 30.97 I-575
60%
Augusta 23.34 I-520
58%
Savannah 6.49 I-516
51%
No matching quizzes found
Score Distribution
Percent of People with Each Score
Percentile by Number Answered
Your Score History
You have not taken this quiz